| 000 | 00430nam a2200181Ia 4500 | ||
|---|---|---|---|
| 008 | 230524s9999 xx 000 0 und d | ||
| 020 | _a0070528985 | ||
| 082 |
_a621.385 _bSCH |
||
| 100 | _aDonald L.Schilling | ||
| 245 | 0 | _aElectronic Circuits | |
| 250 | _a3RD | ||
| 260 |
_aNEW DELHI _bTMH _c2003 |
||
| 300 | _aXXII;936 | ||
| 500 | _aQuantity Number: 7 | ||
| 650 | _aElectronics | ||
| 700 | _a Charles Belove | ||
| 942 | _cBK | ||
| 999 |
_c9005 _d9005 |
||